| 000 | 00597nam a2200193 a 4500 | ||
|---|---|---|---|
| 001 | 000041708 | ||
| 005 | 20240904103801.0 | ||
| 008 | 131016s2002 sp 000 0 spa d | ||
| 020 | _a9788484504702 | ||
| 040 |
_aDO-SdBNP _bspa _cBNPHU |
||
| 082 |
_axxxxx _bxxxxx |
||
| 100 | 1 |
_aAusten, Jane, _d1775-1817 _938178 |
|
| 245 | 1 | 0 |
_aSentido y sensibilidad / : _bJane Austen ; traducción Ana Ma. Rodríguez. |
| 260 |
_aBarcelona : _bPlaza & Janes, _c2002. |
||
| 300 |
_a368 p. ; _c18 cm. |
||
| 490 | 1 |
_aDebolsillo _v343 |
|
| 700 | 1 |
_aRodríguez, Ana Ma., _etr. _968528 |
|
| 830 | 0 |
_aDebolsillo _n343 _968529 |
|
| 999 |
_c41197 _d41197 |
||